{"text_format":"3","workbook":"xlsx","n_sheets":1,"sheets":["清单"],"not_rendered":{"defined_names":1},"read":"whole","date_system":"1900"}

{"sheet":"清单","index":0,"n_rows":13,"n_cols":10,"rows_kept":13,"merged":[[0,0,0,8],[1,0,2,0],[1,1,2,1],[1,2,2,2],[1,3,2,3],[1,4,2,4],[1,5,1,6],[1,7,1,8],[5,1,6,1],[10,0,10,4],[10,5,10,6],[10,7,10,8],[11,0,11,4],[11,5,11,6],[11,7,11,8],[12,0,12,4],[12,5,12,6],[12,7,12,8],[13,1,13,3],[13,7,13,8]]}
["雅安市大兴生态旅游建设项目钢制品采购报价单（二次报价）"]
["序号","项目名称","项目特征描述","计量单位","暂估工程量","控制价金额（元）",null,"报价金额（元）"]
[{"$nulls":5},"不含税综合单价","不含税合价","不含税综合单价","不含税合价"]
[1,"LA-17特色铺装","50*3MM201不锈钢板激光弧形切割+底层15*30*2mm热镀锌管焊接安装","M2",464.81,{"v":160,"d":"160.00"},{"$f":"F4*E4","v":{"v":74369.6,"d":"74369.60"}}]
[2,"波纹钢板","0.75厚波纹钢板弧形焊接铺装","M2",{"v":2000,"d":"2000.00"},{"v":95,"d":"95.00"},{"$f":"F5*E5","v":{"v":190000,"d":"190000.00"}}]
[3,"LD-19吧台桌凳","1.5mm钢板切割,50*100*3镀锌方管平铺面封","T",5.299,{"v":9500,"d":"9500.00"},{"v":50340.5,"d":"50340.50"}]
[4,null,"1.5mm厚钢板做木纹漆","M2",66.02,{"v":200,"d":"200.00"},{"v":13204,"d":"13204.00"}]
[5,"圆形树池钢板坐凳","50*50*3镀锌管焊接立柱30*30*1.5做龙骨1.5厚钢板封面做白色氟碳漆","M2",16.49,{"v":400,"d":"400.00"},{"v":6596,"d":"6596.00"},null,null," "]
[6,"雅乐汇钢楼直梯","固定式钢斜楼梯详15J401-C5","T",3.47,{"v":9500,"d":"9500.00"},{"v":32965,"d":"32965.00"}]
[7,"钢板景墙","2mm厚不锈钢景墙；表面UV打印+曲面丝印仿锈色氟碳漆效果\n长54000*最高1300，最矮300；  \n长45000* *最高1300，最矮300；\n长52000* *最高1300，最矮300；详见图纸","㎡",{"v":382,"d":"382.00"},{"v":400,"d":"400.00"},{"v":152800,"d":"152800.00"}]
["不含税合计",{"$nulls":4},{"$f":"SUM(G4:G10)","v":{"v":520275.1,"d":"520275.10"}}]
["税率",{"$nulls":4},{"v":0.13,"d":"13%"}]
["含税合计",{"$nulls":4},{"$f":"F11*1.13","v":{"v":587910.863,"d":"587910.86"}}]